00749nam a2200181 a 4500008004100000020001500041050001500056100002000071245011200091260003100203300002200234350000900256650001400265650004400279995009600323999001700419952013100436120416s1991 ||||||||||||||||| || u a0852552130 aGN 654 Rea aMcGaffey, Janet14aThe real economy of Zaire: the contribution of smuggling and other unofficial activities to national wealth aLondonbJames Curreyc1991 axvi, 175p. : ill. a0.00 0aECONOMICS aECONOMICS--DEMOCRATIC REPUBLIC OF CONGO D0.00FCBU-MAIN LIBRARY (Kitwe)H1I30.00M1UAVAILABLEZMain Library Open Access Collection c55690d55690 00102lcc4070a001b001cMain Library Open Access Collectiond2022-11-30l0oGN 654 Reap001407r2022-11-30w2022-11-30y002